Loading...
| Literature - European | 0 | 6 | 0 | 1 | 60 | 71 | 89.00 | 0 | 4 | 0.00 | 0.00 |
| Fine Arts - Other | 0 | 5 | 0 | 1 | 50 | 76 | 94.40 | 1 | 4 | 0.00 | 0.00 |
| Fine Arts - Classical Music | 0 | 5 | 0 | 0 | 50 | 31 | 55.40 | 3 | 5 | 0.00 | 0.00 |
| Painting/Sculpture | 0 | 4 | 0 | 0 | 40 | 75 | 82.25 | 0 | 4 | 0.00 | 0.00 |
| Literature - World | 0 | 4 | 1 | 0 | 35 | 59 | 73.75 | 2 | 4 | 0.00 | 0.00 |
| Literature - American | 0 | 3 | 1 | 1 | 25 | 84 | 104.00 | 0 | 2 | 0.00 | 0.00 |
| Mythology | 0 | 1 | 0 | 1 | 10 | 110 | 110.00 | 0 | 1 | 0.00 | 0.00 |
| Religion | 0 | 1 | 0 | 0 | 10 | 85 | 85.00 | 0 | 0 | 0.00 | 0.00 |
| Literature - British | 0 | 2 | 2 | 1 | 10 | 92 | 92.00 | 0 | 1 | 0.00 | 0.00 |
| History - American | 0 | 1 | 0 | 0 | 10 | 84 | 84.00 | 0 | 0 | 0.00 | 0.00 |
| Philosophy | 0 | 0 | 1 | 0 | -5 | 0.00 | 0 | 0 | 0.00 | 0.00 |